| 000 | 00725nam a2200217 a 4500 | ||
|---|---|---|---|
| 001 | 000005441 | ||
| 005 | 20200929151659.0 | ||
| 008 | 090819s1993 sp ac 001 0 spa d | ||
| 020 | _a8400057112 | ||
| 040 |
_aDO-SdBNP _bspa _cBNPHU |
||
| 082 |
_axxx _bB397n |
||
| 245 | 0 | 0 |
_aThe nearest active galaxies / _cJohn Beckman, Luis Colina, Hagai Netzer. |
| 260 |
_aMadrid : _bConsejo Superior de Investigaciones CientĂficas, _c1993. |
||
| 300 |
_a296 p. : _bil., retrs. ; _c24 cm. |
||
| 490 | 1 |
_aNuevas tendencias _v22 |
|
| 500 | _aIncluye notas al pie de páginas | ||
| 700 | 1 |
_aBeckman, John _915456 |
|
| 700 | 1 |
_aColina, Luis _ecoord. _915457 |
|
| 700 | 1 |
_aNetzer, Hagai _ecoord. _915458 |
|
| 830 | 0 |
_aNuevas tendencias _n22 _915459 |
|
| 999 |
_c5241 _d5241 |
||